000 00439nam a22001697a 4500
005 20160511113819.0
008 160511b xxu||||| |||| 00| 0 eng d
020 _a978-81-8488-6986
041 _aeng
082 _b1250
100 _aAswathappa K. Shridharabhat K.
_9437
245 _aProduction and operation management
260 _aMumbai
_bHimalya Publishing House,
_c2010
300 _a655
650 _aManagement
_9241
942 _cBK
999 _c524
_d524